| 000 | 00481nam a22001697a 4500 | ||
|---|---|---|---|
| 008 | 200202b xxu||||| |||| 00| 0 eng d | ||
| 020 | _a9789937909587 | ||
| 082 | _a700.92/C448a | ||
| 100 | _a Chitrakar Madan ed. | ||
| 245 | _a Surya Bahadur Chitrakar; an artist in modern nepal | ||
| 260 |
_aKathmandu: _bNepal Academy of Fine Arts, _c2019 AD |
||
| 300 | _a110p. ;illus. | ||
| 504 | _aBibliography: p.109 | ||
| 650 | _aArt | ||
| 650 |
_aArtists _911946 |
||
| 942 |
_2ddc _cISBN |
||
| 999 |
_c91943 _d91932 |
||